000 00587nam a2200229Ia 4500
003 OSt
005 20221007073628.0
006 a|||||r|||| 00| 0
007 ta
008 221006b |||||||| |||| 00| 0 eng d
024 _a22,335
037 _cTextual
040 _aFLL
_cFLL
_beng
041 _2eng
_aeng
082 _aV2:2:Z, P1
100 _aSingh M.P.
245 0 _aConstitution of India
260 _aLucknow
_bEastern Book Company India
_c2001
300 _axcv,1024,15p
_ccm.
942 _hV2:2:Z, P1
_cTEXL
_2CC
999 _c1149343
_d1149343